Commande électronique des moteurs électriques (Record no. 35043)
| 000 -GUIDE | |
|---|---|
| Champ de contrôle de longueur fixe | 00719nam a22002417a 4500 |
| 003 - IDENTITÉ DU NUMÉRO DE CONTRÔLE | |
| Champ de contrôle | BI-BuBU |
| 008 - ÉLÉMENTS DE LONGUEUR FIXE - RENSEIGNEMENTS GÉNÉRAUX | |
| Champ de contrôle de longueur fixe | 151124t2007 fr ||||dr|||| 001 0 fre d |
| 020 ## - INTERNATIONAL STANDARD BOOK NUMBER | |
| ISBN | 9782100511150 |
| 037 ## - SOURCE D'ACQUISITION | |
| Source d'acquisition et du numéro d'inventaire | Achat |
| 039 ## - NIVEAU DE CONTRÔLE BIBLIOGRAPHIQUE ET HISTORIQUE D'ENCODAGE [OBSOLETE] | |
| Date creation | 20151124104152.0 |
| Nom catalographe | Marie Goretti Ndayizeye |
| 040 ## - SOURCE DU CATALOGAGE | |
| Organisme qui a effectué le catalogage original | BI-BuBU |
| Code de la langue utilisée dans le catalogage | fre |
| Organisme qui a effectué la transcription | BI-BuBU |
| 041 0# - CODE DE LANGUE | |
| Code de langue du texte/de la piste sonore ou du titre distinct | fre |
| 080 ## - INDICE DE LA CLASSIFICATION DÉCIMALE UNIVERSELLE (CDU) | |
| Indice de la Classification décimale universelle | 621.313.13 |
| 100 1# - VEDETTE PRINCIPALE - NOM DE PERSONNE | |
| Code de relation | aut |
| Nom de personne | Pinard Michel |
| 245 10 - MENTION DU TITRE | |
| Titre | Commande électronique des moteurs électriques |
| Mention de responsabilité, etc. | Michel Pinard |
| 260 ## - PUBLICATION, DIFFUSION, ETC. (ADRESSE BIBLIOGRAPHIQUE) | |
| Lieu de publication, diffusion, etc. | Paris |
| Nom de l'éditeur, diffuseur, etc. | Dunod |
| Date of publication, distribution, etc | 2007 |
| 300 ## - DESCRIPTION MATÉRIELLE | |
| Collation | IX-620 p. |
| Dimensions | 25 cm. |
| 440 #0 - MENTION DE COLLECTION / VEDETTE SECONDAIRE DE TITRE | |
| Titre | L' Usine nouvelle |
| 9 (RLIN) | 122349 |
| 504 ## - NOTE DE BIBLIOGRAPHIE ET INDEX. | |
| Note de bibliographie et index. | Bibliogr.index |
| 650 #7 - VEDETTE-MATIÈRE - NOM COMMUN | |
| Source du terme | BI-BuBU |
| Vedette de sujet ou vedette comportant un nom géographique | Moteur électrique |
| Subdivision générale | Commande électronique |
| 9 (RLIN) | 122350 |
| 942 ## - ÉLÉMENTS D'ENTRÉE ADDITIONNELLE (KOHA) | |
| Source de la classification ou du système de rangement | |
| Type d item koha | BOOK |
No items available.